Pamätnica Evanjelického a.v. cirkevného zboru v Senci 1952-2002

Podrobná bibliografia
Médium: Kniha
Jazyk:slovenčina
Fyzický popis:48 strán fotografie 21 cm
Vydavateľské údaje: Senec Evanjelický a. v. cirkevný zbor 2002
ISBN:8096878344
Vydanie:1. vyd.
Predmet:

MARC

LEADER 00000cam a2200000 a 4500
001 vtls001447631
003 SK-MaSNL
005 20260302072916.0
008 240226s2002 xo o gr 000 0 slo
015 |a SNBE2003/04-02183 
020 |a 8096878344 
035 |a SNK000402891 
035 |a urn:nbn:sk:snk-am3iqdg 
035 |a 650C0DBF-D64C-4CA9-A34C-B906974E8668 
035 |a urn:nbn:sk:snk-am00fdx3 
040 |a SNK  |b slo  |c SNK  |e AACR2 
041 0 |a slo 
043 |a e-xo--- 
044 |a xo  |c SK 
072 7 |a 271/279  |x Kresťanské cirkvi, sekty, denominácie  |2 konspekt 
080 |a 274.5-72(085)"1952/2002"  |2 1997 
080 |a 274/278-774  |2 2001 
080 |a (437.611)  |2 2011 
080 |a (082.2)  |2 2011 
080 |a (093.3)  |2 2001 
245 0 0 |a Pamätnica Evanjelického a.v. cirkevného zboru v Senci  |b 1952-2002  |c [zodpovedný redaktor Ján Ingeli] 
250 |a 1. vyd. 
260 |a Senec  |b Evanjelický a. v. cirkevný zbor  |c 2002 
300 |a 48 strán  |b fotografie  |c 21 cm 
500 |a Obalový názov 
610 2 7 |a Evanjelický a.v. cirkevný zbor (Senec, Slovensko)  |2 SNKKA  |9 736660 
610 2 7 |a Evanjelická cirkev a.v  |2 SNKKA  |9 32425 
648 7 |a 1952-2002  |2 SNKPH  |9 310849 
650 0 7 |a evanjelické zbory  |2 SNKPH  |9 66831 
651 7 |a Senec (Slovensko)  |2 SNKPHgeo  |9 175132 
655 7 |a jubilejné publikácie  |2 SNKPH  |9 70339 
655 7 |a pamätníky (knihy)  |2 SNKPH  |9 249900 
700 1 |a Ingeli, Ján  |4 lso  |9 569445 
919 |a 80-968783-4-4 
958 |a TL 
958 |a NT 
958 |a OND 
999 |c 1158632  |d 1160562 
952 |t P60, <03>, [BOOK], {603}  |a SNK  |b SNK  |y PREZ  |7 0  |p 17A0371313  |o snkSC 110358  |i snkKSP 518/2003  |0 0  |1 0  |4 0  |d 2003-01-15  |f 1  |l 0  |r 2025-09-30 00:00:00  |w 2026-02-24 
952 |t P60, <04>, [BOOK], {604}  |a SNK  |b SNK  |y VYP  |7 0  |p 17A0371309  |o snkSC 110358 D1  |i snkKSP 519/2003  |0 0  |1 0  |4 0  |d 2003-01-15  |l 0  |r 2005-01-02 00:00:00  |w 2026-02-24